Managing Complex Technical Projects: A systems Engineering Approach (Record no. 14354)

MARC details
000 -LEADER
fixed length control field 00408nam a2200145Ia 4500
008 - FIXED-LENGTH DATA ELEMENTS--GENERAL INFORMATION
fixed length control field 230312s9999||||xx |||||||||||||| ||und||
020 ## - INTERNATIONAL STANDARD BOOK NUMBER
International Standard Book Number 1-580533787
082 ## - DEWEY DECIMAL CLASSIFICATION NUMBER
Classification number 620.00685
Item number FAU-M
100 ## - MAIN ENTRY--PERSONAL NAME
Personal name Faulconbridge;R.Ian
245 #0 - TITLE STATEMENT
Title Managing Complex Technical Projects: A systems Engineering Approach
260 ## - PUBLICATION, DISTRIBUTION, ETC.
Name of publisher, distributor, etc. Artech House
Place of publication, distribution, etc. USA
Date of publication, distribution, etc. 2003
300 ## - PHYSICAL DESCRIPTION
Extent 255
650 ## - SUBJECT ADDED ENTRY--TOPICAL TERM
Topical term or geographic name entry element Engineering
Form subdivision Technology
942 ## - ADDED ENTRY ELEMENTS (KOHA)
Koha item type BOOK
Holdings
Withdrawn status Lost status Source of classification or shelving scheme Damaged status Not for loan Home library Current library Date acquired Total Checkouts Full call number Barcode Date last seen Price effective from Koha item type
    Dewey Decimal Classification     Superior Information Resource Center (SIRC) Superior University- Main Campus Superior Information Resource Center (SIRC) Superior University- Main Campus 03/13/2023   620.00685 FAU-M 14489 03/13/2023 03/13/2023 BOOK

Powered by Koha